แสดงรายละเอียดบรรณานุกรม
  กลับหน้าหลัก

Brief Record : Get Marc (ISO 2709) : E-mail record : QR code ปิดหน้าต่าง
หนังสืออ้างอิง : เกี่ยวกับ Collections
LEADER 00000nama 2200000uu 4500
001    187336
003     ULIBM
008    040531s2543 th m m a000 0 tha d
041    tha
050    WB50 พ887พ 2543
100    เพ็ญนภา ทรัพย์เจริญ
245    พระราชบัญญัติคุ้มครองและส่งเสริมภูมิปัญญาการแพทย์แผนไทย พ.ศ.2542 002
246    การแพทย์แผนไทย - พระราชบัญญัติ
260    นนทบุรี สถาบันการแพทย์แผนไทย 2543
300    49 หน้า
650    ภูมิปัญญาชาวบาน - พระราชบัญญัติ
998    2002-01-17
รายการนี้ยังไม่มีแท็ก
คุณยังไม่ได้ล็อกอิน คุณสามารถมีกิจกรรมร่วมกับเว็บไซต์ได้ แต่ต้องล็อกอินก่อน ::
  ล็อกอิน
ลำดับที่ ประเภท เลขเรียก สถานที่ สถานะ
1. หนังสืออ้างอิง
หนังสืออ้างอิง
WB50 พ887พ 2543  
  
หนังสือทั่วไป On Shelf
  ขอยืม
2. หนังสืออ้างอิง
หนังสืออ้างอิง
WB50 พ887พ 2543  
  
หนังสือทั่วไป On Shelf
  ขอยืม
3. หนังสืออ้างอิง
หนังสืออ้างอิง
WB50 พ887พ 2543  
  
หนังสือทั่วไป On Shelf
  ขอยืม
   [แสดง 3/3 รายการ]

รายการใกล้เคียง
    ผู้แต่ง [เพ็ญนภา ทรัพย์เจริญ]

BibComment


ยังไม่เคยถูกคอมเมนท์

คอมเมนท์ทรัพยากรรายการนี้
  คอมเมนท์: พระราชบัญญัติคุ้ม..
Bib 187336

 
 
 

 Union Library Management : ULibM
Copyright 2026. All Rights Reserved.
скачать бесплатно без регистрации порно красивый секс HD Sex Hindi sex

xxx gou

xxxx

bfxxx

xxxwww

Секса Видео

xxxx

Секса Видео

detube

geilexxx

C99 Shell

worms shell

blod xxx video
Ebony Coed Rihanna Rimes Takes A Dick In Her Young Twat priyaa indian fuck anal and pusssy hardcore indian women xxx desi hardcore fucking part 1 bengalixxxcouple